000 00648nam a2200241 a 4500
001 nice12345678
003 IN_TiNIC
005 20260116015136.0
008 050524s1953 wesa grp 000 0 eng
020 _a
_c100
082 0 0 _a270.1
_bDIX
100 _aDix, Dom Gregory
245 _aJew and Greek
_b Study in the Primitive Church
260 _aWestminster
_bDacre Press
_c1953
300 _a119p
500 _aincludes index and biblioraphy
505 2 _aIndex to Biblical References, General Index
650 _aChurch-History Primitive & Early
700 1 _aDix, Dom Gregory
902 _bSRS
942 _cBK
999 _c18472
_d18472